000 01067cam a2200325 a 4500
001 015404662
003 EG-ScBUE
005 20211206101350.0
008 090413s2009 enk f b 001 0 eng d
020 _a9780854881734
020 _a9780262513050
040 _aDLC
_beng
_erda
_cDLC
_dDLC
_dUk
_dEG-ScBUE
082 0 4 _a709.04
_bSIT
_222
245 0 0 _aSituation /
_cedited by Claire Doherty.
264 1 _aLondon :
_bWhitechapel Gallery,
_c2009.
300 _a239 pages ;
_c22 cm.
336 _atext
_2rdacontent
_btxt
337 _aunmediated
_2rdamedia
_bn
338 _avolume
_2rdacarrier
_bnc
490 0 _aDocuments of contemporary art
504 _aIncludes bibliographical references and index.
650 7 _aArts, Modern
_y20th century.
_2BUEsh
650 7 _aAvant-garde (Aesthetics)
_xHistory
_y20th century.
_2BUEsh
653 _bART
_cDecember2021
655 _vReading book
_934232
700 1 _aDoherty, Claire,
_eeditor.
_941870
942 _2ddc
_cBB
999 _c29679
_d29650